Statistics for Breakfast Cereal Trivia

Click here to take the quiz!

General Stats

  • This quiz has been taken 7,418 times
  • The average score is 11 of 18

Answer Stats

HintAnswer% Correct
Type of animal that appears on boxes of Honey Nut CheeriosBee
90%
The mascots of Rice Krispies cerealSnap, {Crackle}, and Pop
89%
Cereal that Tony the Tiger says is "grrrrreat"Frosted Flakes
86%
Cereal which has a sea captain on its coverCap'n {Crunch}
85%
Cereal which has Toucan Sam on the coverFroot Loops
81%
Brand of cereal which is based on "The Flintstones"Fruity {Pebbles}
80%
Complete the quote: "Silly rabbit ____ are for kids"Trix
78%
Vampire-themed cereal brand which is sold around HalloweenCount {Chocula}
70%
Cereal invented by Will Kellogg in 1894 for patients of his brother's sanitarium
{Corn} {Flakes}
59%
Cereal with Dig'em Frog on the cover{Honey} Smacks
59%
Cereal which brands itself as "The Breakfast of Champions"
Wheaties
55%
Company that makes CheeriosGeneral Mills
53%
Amount of raisins that each box of Raisin Bran supposedly contains
Two {scoops}
48%
U.S. state home to Battle Creek, the birthplace of Kellogg's and PostMichigan
45%
These hard balls of flour and dried yeast were carried on the first successful
ascent of Mount Everest
{Grape} Nuts
39%
Country which Muesli comes fromSwitzerland
35%
Country in which Weet-Bix was first introduced in the 1920sAustralia
31%
Brand of cereal which supplies 100% of your daily requirements of 12 different
minerals and vitamins
Total
16%

Score Distribution

Percentile by Number Answered

Percent of People with Each Score

Your Score History

You have not taken this quiz